00589nam a22001811i 45000010005000000100018000051000041000231010008000642000057000722150034001297020039001637010037002027000039002397020032002782100023003102250039003334100035003729467 a9789726951285 a20170304u u u0frey50 ba0 apor1 fJean-Jacques SempéaAs aventuras do menino Nicolau a147, [5] p.cil. p./b.d19 cm 1aSempébJean-Jacques4440f1932 - 1aGoscinnybRené4070f1926-1978 1aSempébJean-Jacques4070f1932 - 1aMonizbLuísa Lobão4730 cTeoremadD.L. 19912 aAs aventuras do menino Nicolauv19 0tAs aventuras do menino Nicolau